Constipation and Fecal Incontinence and Motility Disturbances of the Gut /

This volume has been authored by internationally reputed experts from Japan and Europe and reflects the state of the art in the field of pediatric surgery. The first section on constipation and incontinence shows the fast pace of research in Japan on the subject. In particular, pathophysiological st...

Full description

Bibliographic Details
Main Author: Yokoyama, Jotaro
Corporate Author: SpringerLink (Online service)
Other Authors: Angerpointner, Thomas A.
Format: eBook
Language:English
Published: Berlin, Heidelberg : Springer Berlin Heidelberg, 1989.
Series:Progress in pediatric surgery ; 24.
Subjects:
Online Access:Connect to the full text of this electronic book

MARC

Tag First Indicator Second Indicator Subfields
LEADER 00000cam a2200000Mi 4500
001 in00003578331
006 m o d
007 cr mnu---uuaaa
008 121227s1989 gw a o 000 0 eng
005 20260420211443.9
019 |a 858930367 
020 |a 9783642744938 (electronic bk.) 
020 |a 3642744931 (electronic bk.) 
020 |z 9783642744952 
020 |z 3642744958 
024 7 |a 10.1007/978-3-642-74493-8  |2 doi 
035 |a (OCoLC)851745500  |z (OCoLC)858930367 
040 |a AU@  |b eng  |c AU@  |d OCLCO  |d OCLCQ  |d UV0  |d GW5XE  |d OCLCF  |d UtOrBLW 
049 |a TXAM 
050 4 |a RD137-139 
072 7 |a MNC  |2 bicssc 
072 7 |a MJW  |2 bicssc 
072 7 |a MED085000  |2 bisacsh 
072 7 |a MED069000  |2 bisacsh 
082 0 4 |a 617.98  |2 23 
100 1 |a Yokoyama, Jotaro. 
245 1 0 |a Constipation and Fecal Incontinence and Motility Disturbances of the Gut /  |c edited by Jotaro Yokoyama, Thomas A. Angerpointner. 
264 1 |a Berlin, Heidelberg :  |b Springer Berlin Heidelberg,  |c 1989. 
300 |a 1 online resource (x, 235 pages 113 illustrations) 
336 |a text  |b txt  |2 rdacontent 
337 |a computer  |b c  |2 rdamedia 
338 |a online resource  |b cr  |2 rdacarrier 
490 1 |a Progress in pediatric surgery,  |x 0079-6654 ;  |v 24 
520 |a This volume has been authored by internationally reputed experts from Japan and Europe and reflects the state of the art in the field of pediatric surgery. The first section on constipation and incontinence shows the fast pace of research in Japan on the subject. In particular, pathophysiological studies have led to improved diagnostic techniques and the clinical application of anorectal manometry. The second section discusses a topic that has long been of great interest: motility disturbances of the gut. New insights from improved diagnostic methods, pathophysiology and histology have induced new therapeutic trials and a better understanding of diseases such as Hirschsprung's disease and neuronal intestinal dysplasia. Despite the many recent improvements, much clinical and experimental work remains to be done to resolve these problems. 
500 |a Electronic resource. 
650 0 |a Medicine. 
650 0 |a Gastroenterology. 
650 0 |a Clinical medicine. 
650 0 |a Pathology. 
650 0 |a Surgery. 
650 7 |a Clinical medicine.  |2 fast  |0 (OCoLC)fst00864361 
650 7 |a Gastroenterology.  |2 fast  |0 (OCoLC)fst00938842 
650 7 |a Medicine.  |2 fast  |0 (OCoLC)fst01014893 
650 7 |a Pathology.  |2 fast  |0 (OCoLC)fst01054964 
650 7 |a Surgery.  |2 fast  |0 (OCoLC)fst01139351 
655 7 |a Electronic books.  |2 local 
700 1 |a Angerpointner, Thomas A. 
710 2 |a SpringerLink (Online service) 
776 1 8 |i Print version:  |z 9783642744952 
830 0 |a Progress in pediatric surgery ;  |v 24. 
856 4 0 |u http://proxy.library.tamu.edu/login?url=https://link.springer.com/10.1007/978-3-642-74493-8  |z Connect to the full text of this electronic book  |t 0 
994 |a 92  |b TXA 
999 |a MARS 
999 f f |s 7fdac7fe-51a7-3dff-8755-65704b86bd47  |i 2759b7a7-8cad-3315-bf61-08b638b7ea19  |t 0 
952 f f |a Texas A&M University  |b College Station  |c Electronic Resources  |s www_evans  |d Available Online  |t 0  |e RD137-139  |h Library of Congress classification 
998 f f |a RD137-139  |t 0  |l Available Online